[Event "DVM U14w 2003"]
[Site "Greifswald GER"]
[Date "2003.12.28"]
[Round "3"]
[White "Reinsdorf, Christin"]
[Black "Obereigner, Julia"]
[Result "1-0"]
[Termination "normal"]
[Board "2.3"]
[WhiteElo "1282"]
[BlackElo "1222"]
[WhiteTeam "ESV Delitzsch"]
[BlackTeam "Franckesche Stiftungen Halle"]
[PlyCount "73"]
[EventCountry "GER"]
[EventRounds "7"]
[EventType "team-swiss"]
[EventDate "2003.12.26"]

1. e4 e5 2. Nf3 Nc6 3. Nc3 Bc5 4. Nxe5 Nxe5 5. d4 Bd6 6. dxe5 Bxe5 7. Bd2 Nf6
8. Bd3 d5 9. exd5 Nxd5 10. Qe2 f6 11. f4 Nxf4 12. Bxf4 O-O 13. Rd1 Bxc3+ 14.
bxc3 Bd7 15. O-O Qc8 16. Qf3 g5 17. Bd2 Bg4 18. Qe4 Qd7 19. Rde1 c6 20. a3 Rad8
21. Bc1 b5 22. Qb4 Be6 23. Re2 h6 24. Qe4 Bg4 25. Ref2 f5 26. Qb4 f4 27. c4 a6
28. Bb2 Rf7 29. Qc3 Kf8 30. c5 Qd5 31. Re1 Be6 32. Rfe2 Re8 33. Bg6 Qd7 34.
Bxf7 Qxf7 35. Qh8+ Ke7 36. Rxe6+ Qxe6 37. Rxe6+ 1-0

[Event "DVM U14w 2003"]
[Site "Greifswald GER"]
[Date "2003.12.28"]
[Round "3"]
[White "Müller, Johanna"]
[Black "Brjakow, Jennifer"]
[Result "1-0"]
[Termination "normal"]
[Board "2.4"]
[WhiteElo "999"]
[BlackElo "1056"]
[WhiteTeam "Franckesche Stiftungen Halle"]
[BlackTeam "ESV Delitzsch"]
[PlyCount "35"]
[EventCountry "GER"]
[EventRounds "7"]
[EventType "team-swiss"]
[EventDate "2003.12.26"]

1. e4 e5 2. Nf3 Nc6 3. Nc3 Bc5 4. Bc4 Nf6 5. d3 h6 6. O-O d6 7. Nd5 O-O 8. h3
Be6 9. Be3 b6 10. b3 Ne7 11. Nxf6+ gxf6 12. Bxh6 Re8 13. d4 exd4 14. Nxd4 d5
15. exd5 Nxd5 16. Nxe6 Ne7 17. Nxd8 Raxd8 18. Qh5 1-0

[Event "DVM U14w 2003"]
[Site "Greifswald GER"]
[Date "2003.12.28"]
[Round "3"]
[White "Zikeli, Saskia"]
[Black "Reh, Theresa"]
[Result "1/2-1/2"]
[Termination "normal"]
[Board "3.1"]
[WhiteElo "1867"]
[BlackElo "1567"]
[WhiteTeam "TSV Heumaden"]
[BlackTeam "SK König Plauen"]
[PlyCount "78"]
[WhiteFideId "24601543"]
[EventCountry "GER"]
[EventRounds "7"]
[EventType "team-swiss"]
[EventDate "2003.12.26"]

1. e4 c5 2. Nf3 Nc6 3. d4 cxd4 4. Nxd4 e5 5. Nb5 d6 6. Be3 a6 7. N5c3 b5 8. Nd5
Rb8 9. Be2 Nf6 10. Nxf6+ gxf6 11. f4 Bg7 12. Nc3 O-O 13. f5 b4 14. Nd5 Ne7 15.
Bc4 Nxd5 16. Bxd5 Bb7 17. O-O Qc7 18. Rc1 Bxd5 19. Qxd5 Rb5 20. Qd3 Rd8 21. c4
bxc3 22. Rxc3 Qb7 23. b3 d5 24. exd5 Rbxd5 25. Qc2 R5d7 26. Rc1 Bf8 27. Qe2 Qe4
28. Rc4 Qxf5 29. Rf1 Qd3 30. Rg4+ Kh8 31. Qf3 f5 32. Rh4 f4 33. Bb6 Qxf3 34.
Rxf3 Rd1+ 35. Rf1 Rxf1+ 36. Kxf1 Rd2 37. Bc7 f6 38. a4 Rd3 39. Rh3 Rxh3 1/2-1/2

[Event "DVM U14w 2003"]
[Site "Greifswald GER"]
[Date "2003.12.28"]
[Round "3"]
[White "Reh, Rebecca"]
[Black "Sandrou, Tina"]
[Result "1-0"]
[Termination "normal"]
[Board "3.2"]
[WhiteElo "1428"]
[BlackElo "1266"]
[WhiteTeam "SK König Plauen"]
[BlackTeam "TSV Heumaden"]
[PlyCount "65"]
[EventCountry "GER"]
[EventRounds "7"]
[EventType "team-swiss"]
[EventDate "2003.12.26"]

1. e4 c5 2. Nf3 e6 3. d4 cxd4 4. Nxd4 Nf6 5. Bd3 Nc6 6. Be3 d5 7. exd5 Qxd5 8.
O-O Nxd4 9. Bxd4 Be7 10. Be3 Qe5 11. Nc3 h5 12. Bb5+ Kf8 13. Qd4 Qc7 14. Bf4
Bc5 15. Bxc7 Bxd4 16. Rad1 e5 17. Rfe1 Ng4 18. Rxd4 Be6 19. Bxe5 a6 20. Bd3 Re8
21. h3 Nxe5 22. Rxe5 g6 23. Be4 Rb8 24. Ne2 Kg7 25. Nf4 Kf6 26. Ra5 Rhe8 27.
Nxe6 Rxe6 28. Rb4 b5 29. a4 Rbb6 30. axb5 axb5 31. Bd3 Re5 32. Raxb5 Rbxb5 33.
Rxb5 1-0

[Event "DVM U14w 2003"]
[Site "Greifswald GER"]
[Date "2003.12.28"]
[Round "3"]
[White "Fröschle, Luzie"]
[Black "Meyer, Sandra"]
[Result "0-1"]
[Termination "normal"]
[Board "3.3"]
[WhiteElo "1182"]
[BlackElo "1231"]
[WhiteTeam "TSV Heumaden"]
[BlackTeam "SK König Plauen"]
[PlyCount "90"]
[WhiteFideId "24631221"]
[EventCountry "GER"]
[EventRounds "7"]
[EventType "team-swiss"]
[EventDate "2003.12.26"]

1. d4 d5 2. c4 c6 3. Nf3 dxc4 4. e4 b5 5. a4 e6 6. Nc3 Ba6 7. axb5 cxb5 8. Bf4
Bd6 9. Bxd6 Qxd6 10. Be2 Ne7 11. O-O O-O 12. Qc2 Rd8 13. e5 Qd7 14. Ng5 Ng6 15.
Rfd1 Bb7 16. Nge4 b4 17. Nc5 Qc7 18. Nxb7 Qxb7 19. Bf3 Nc6 20. Ne2 Qb5 21. Qa4
Qxa4 22. Rxa4 Nge7 23. Rc1 Rab8 24. Rxc4 Rb6 25. Ra1 Nd5 26. Bxd5 Rxd5 27. Rac1
Nd8 28. Rc5 Rxc5 29. Rxc5 Rc6 30. Rb5 Ra6 31. f4 Nc6 32. Rc5 h6 33. Ng3 Nxd4
34. Rc4 Nc6 35. Ne4 Rb6 36. Nd6 a5 37. Nc8 Ra6 38. Nd6 a4 39. Kf2 a3 40. bxa3
bxa3 41. Rc1 a2 42. Ra1 Nb4 43. Ne4 Nc2 44. Nc5 Nxa1 45. Nxa6 Nc2 0-1

[Event "DVM U14w 2003"]
[Site "Greifswald GER"]
[Date "2003.12.28"]
[Round "3"]
[White "Walker, Maria"]
[Black "Gheng, Hannelore"]
[Result "1-0"]
[Termination "normal"]
[Board "3.4"]
[WhiteElo "1104"]
[BlackElo "1168"]
[WhiteTeam "SK König Plauen"]
[BlackTeam "TSV Heumaden"]
[PlyCount "23"]
[BlackFideId "4637887"]
[EventCountry "GER"]
[EventRounds "7"]
[EventType "team-swiss"]
[EventDate "2003.12.26"]

1. d4 d5 2. e4 e6 3. Nc3 Nf6 4. Bd3 Bb4 5. Bg5 O-O 6. e5 h6 7. exf6 hxg5 8. Qh5
g6 9. Bxg6 Bxc3+ 10. bxc3 Re8 11. Qh7+ Kf8 12. Qg7# 1-0

[Event "DVM U14w 2003"]
[Site "Greifswald GER"]
[Date "2003.12.28"]
[Round "3"]
[White "Nuber, Helene"]
[Black "Goergen, Barbara"]
[Result "1/2-1/2"]
[Termination "normal"]
[Board "4.1"]
[WhiteElo "1686"]
[BlackElo "1759"]
[WhiteTeam "SC Schwabmünchen"]
[BlackTeam "SF Hörden"]
[PlyCount "75"]
[WhiteFideId "24613045"]
[EventCountry "GER"]
[EventRounds "7"]
[EventType "team-swiss"]
[EventDate "2003.12.26"]

1. e4 c5 2. Nc3 Nc6 3. g3 g6 4. Bg2 Bg7 5. d3 e6 6. f4 d6 7. Nf3 Nge7 8. O-O
O-O 9. Rb1 Rb8 10. h3 b6 11. Be3 Nd4 12. Ne2 Nec6 13. c3 Nxf3+ 14. Bxf3 Bb7 15.
Kh2 Ne7 16. d4 Qc7 17. Rc1 Rbd8 18. Qc2 Qb8 19. Rcd1 Qa8 20. Ng1 Rfe8 21. Qg2
Rc8 22. dxc5 dxc5 23. Rd7 Rcd8 24. Rfd1 Bc6 25. Rxd8 Rxd8 26. Rxd8+ Qxd8 27.
Qd2 Qa8 28. Qg2 e5 29. fxe5 Bxe5 30. Bh6 a6 31. Qd2 Bg7 32. Bxg7 Kxg7 33. Qd6
Nc8 34. Qe5+ Kg8 35. Kg2 Qb7 36. Ne2 Qe7 37. Qb8 Qb7 38. Qe5 1/2-1/2

[Event "DVM U14w 2003"]
[Site "Greifswald GER"]
[Date "2003.12.28"]
[Round "3"]
[White "Bochis, Julia"]
[Black "Billing, Tanja"]
[Result "0-1"]
[Termination "normal"]
[Board "4.2"]
[WhiteElo "1172"]
[BlackElo "1394"]
[WhiteTeam "SF Hörden"]
[BlackTeam "SC Schwabmünchen"]
[PlyCount "124"]
[WhiteFideId "24647276"]
[BlackFideId "24647993"]
[EventCountry "GER"]
[EventRounds "7"]
[EventType "team-swiss"]
[EventDate "2003.12.26"]

1. e4 c5 2. Nf3 Nc6 3. d4 cxd4 4. Nxd4 g6 5. Nc3 Bg7 6. Be3 Nf6 7. Nf3 O-O 8.
Qd2 Ng4 9. O-O-O Qa5 10. h3 Nb4 11. Nd4 Nxa2+ 12. Kb1 Nxc3+ 13. bxc3 Qb6+ 14.
Kc1 Nxe3 15. Qxe3 a5 16. Kd2 a4 17. Ra1 Qd6 18. Bd3 Bxd4 19. Qxd4 Qf4+ 20. Qe3
Qxe3+ 21. Kxe3 Rd8 22. Bb5 a3 23. Rhd1 Ra5 24. Be2 d6 25. Rd5 Ra7 26. Bc4 Be6
27. Rd4 Rc8 28. Bxe6 fxe6 29. Kd3 b5 30. Rb4 Ra5 31. Rb3 Rca8 32. c4 bxc4+ 33.
Kxc4 Rc5+ 34. Kd3 Rca5 35. Rb7 a2 36. c3 Kf7 37. Kc2 Kf6 38. f4 e5 39. fxe5+
Rxe5 40. Rb4 Kg5 41. g3 h5 42. Kd3 h4 43. g4 Kf4 44. Rf1+ Kg3 45. Ra1 Kxh3 46.
Ke3 Kxg4 47. Rb2 h3 48. Rbxa2 Rxa2 49. Rxa2 Kg3 50. Rf2 Rxe4+ 51. Kxe4 Kxf2 52.
Kd5 h2 53. Ke6 h1=Q 54. Kxe7 Qd5 55. Kd7 Ke3 56. Ke7 Ke4 57. Kf6 Qf5+ 58. Kg7
Ke5 59. Kh7 Kf6 60. Kg8 g5 61. Kh8 Qd7 62. c4 Qg7# 0-1

[Event "DVM U14w 2003"]
[Site "Greifswald GER"]
[Date "2003.12.28"]
[Round "3"]
[White "Nieberle, Julia"]
[Black "Immer, Carina"]
[Result "0-1"]
[Termination "normal"]
[Board "4.3"]
[WhiteElo "1275"]
[BlackElo "896"]
[WhiteTeam "SC Schwabmünchen"]
[BlackTeam "SF Hörden"]
[PlyCount "46"]
[EventCountry "GER"]
[EventRounds "7"]
[EventType "team-swiss"]
[EventDate "2003.12.26"]

1. e4 e5 2. Nf3 Nc6 3. Bc4 Bc5 4. Nc3 Nf6 5. d3 d6 6. Bg5 h6 7. Bh4 g5 8. Bg3
Be6 9. Bb3 Qe7 10. O-O O-O-O 11. Qd2 Kb8 12. Rad1 Nh7 13. h3 h5 14. Qe2 g4 15.
hxg4 hxg4 16. Nh2 Nf6 17. Bxe6 fxe6 18. Nxg4 Qh7 19. Nh2 Rdg8 20. Qf3 Ng4 21.
Rfe1 Nxh2 22. Bxh2 Qxh2+ 23. Kf1 Rf8 0-1

[Event "DVM U14w 2003"]
[Site "Greifswald GER"]
[Date "2003.12.28"]
[Round "3"]
[White "Post, Julia"]
[Black "Vollak, Marleen"]
[Result "1/2-1/2"]
[Termination "normal"]
[Board "5.1"]
[WhiteElo "1172"]
[BlackElo "1636"]
[WhiteTeam "SK Gräfelfing"]
[BlackTeam "SV Glück Auf Rüdersdorf"]
[PlyCount "125"]
[BlackFideId "24624233"]
[EventCountry "GER"]
[EventRounds "7"]
[EventType "team-swiss"]
[EventDate "2003.12.26"]

1. e4 c5 2. Nf3 e6 3. d4 cxd4 4. Nxd4 Nc6 5. Bf4 a6 6. Bc4 d6 7. Bg3 Qc7 8. O-O
Nf6 9. Nc3 Be7 10. Re1 O-O 11. Bb3 Rd8 12. Nxc6 Qxc6 13. Qe2 b5 14. a3 Bb7 15.
f3 Rac8 16. Rad1 Nh5 17. e5 Nxg3 18. hxg3 Qc5+ 19. Qe3 dxe5 20. Qxc5 Bxc5+ 21.
Kh2 Bd4 22. Kh3 Kf8 23. f4 exf4 24. gxf4 Bxc3 25. Rxd8+ Rxd8 26. bxc3 Rd2 27.
g3 Bd5 28. a4 Bxb3 29. cxb3 bxa4 30. bxa4 Ra2 31. Re4 Ra3 32. Rc4 Ke7 33. Kg4
Kf6 34. Kf3 Kg6 35. Kg4 Ra1 36. Kf3 Kf6 37. Kg4 Ke7 38. Kf3 Kd6 39. Ke4 Rg1 40.
Kf3 Rd1 41. Ke2 Rd5 42. Rb4 Kc6 43. Ke3 Ra5 44. Ke4 h5 45. Kf3 Rc5 46. c4 Ra5
47. Ke4 Kc5 48. Rb7 Rxa4 49. Rxf7 Rxc4+ 50. Kf3 Rc3+ 51. Kg2 Kd4 52. Rxg7 a5
53. Ra7 Ra3 54. Kh3 Ra1 55. Ra6 Kd5 56. Kh4 a4 57. Kxh5 a3 58. Kg4 a2 59. Kg5
Rg1 60. Ra5+ Ke4 61. Rxa2 Rxg3+ 62. Kf6 Kxf4 63. Kxe6 1/2-1/2

[Event "DVM U14w 2003"]
[Site "Greifswald GER"]
[Date "2003.12.28"]
[Round "3"]
[White "Wolf, Carolin"]
[Black "Bothe, Lea"]
[Result "0-1"]
[Termination "normal"]
[Board "5.2"]
[WhiteElo "1221"]
[BlackElo "1259"]
[WhiteTeam "SV Glück Auf Rüdersdorf"]
[BlackTeam "SK Gräfelfing"]
[PlyCount "80"]
[WhiteFideId "24628034"]
[EventCountry "GER"]
[EventRounds "7"]
[EventType "team-swiss"]
[EventDate "2003.12.26"]

1. e4 e5 2. d4 g6 3. dxe5 Bg7 4. Nf3 Nc6 5. Bf4 Nge7 6. c3 O-O 7. Bc4 Re8 8.
O-O Kh8 9. Ng5 Rf8 10. Nxf7+ Rxf7 11. Bxf7 Qf8 12. Qb3 Nd8 13. e6 dxe6 14. Bxc7
Nxf7 15. Bg3 b6 16. Rd1 Qe8 17. Na3 Qc6 18. f3 Bd7 19. Nb5 Qxb5 20. Qxb5 Bxb5
21. Rd2 h6 22. Rad1 Kh7 23. Bf2 Bf6 24. Be3 g5 25. Kf2 Kg6 26. Kg3 h5 27. f4 g4
28. e5 Nf5+ 29. Kf2 Nxe3 30. Kxe3 Be7 31. b4 Kf5 32. g3 Rc8 33. Kd4 Rc4+ 34.
Ke3 Rxc3+ 35. Kd4 Rc4+ 36. Ke3 Rxb4 37. Kf2 h4 38. Rh1 h3 39. Rc2 Bc5+ 40. Ke1
Rb1+ 0-1

[Event "DVM U14w 2003"]
[Site "Greifswald GER"]
[Date "2003.12.28"]
[Round "3"]
[White "Bothe, Ann-Marie"]
[Black "Heider, Julia"]
[Result "1-0"]
[Termination "normal"]
[Board "5.3"]
[WhiteElo "814"]
[BlackElo "718"]
[WhiteTeam "SK Gräfelfing"]
[BlackTeam "SV Glück Auf Rüdersdorf"]
[PlyCount "97"]
[EventCountry "GER"]
[EventRounds "7"]
[EventType "team-swiss"]
[EventDate "2003.12.26"]

1. e4 e5 2. Nf3 Nc6 3. d4 exd4 4. Nxd4 Bc5 5. Be3 Qf6 6. c3 Nge7 7. Nxc6 dxc6
8. Bxc5 O-O 9. Qd4 Qe6 10. Bc4 Qg6 11. g3 Re8 12. Bxe7 Be6 13. Bxe6 Qxe6 14.
Bc5 Rad8 15. Qe3 b6 16. Ba3 c5 17. O-O Qh3 18. Nd2 Re6 19. Qg5 Rde8 20. Qf5 Qh6
21. Qf4 g5 22. Qf5 Rg6 23. Qg4 Ree6 24. b4 Re5 25. Qc8+ Kg7 26. Qg4 Kh8 27.
bxc5 bxc5 28. c4 f6 29. Nf3 Re8 30. Bb2 Rf8 31. Rad1 Kg8 32. Qe6+ Kh8 33. Qg4
Rg7 34. Rd5 Kg8 35. Qe6+ Rgf7 36. Nxg5 c6 37. Nxf7 Rxf7 38. Rd8+ Kg7 39. Qg4+
Qg6 40. Qxg6+ hxg6 41. Rd6 a5 42. Rxc6 a4 43. a3 g5 44. Rxc5 Rb7 45. Rxg5+ Kf7
46. Rb5 Ra7 47. Rh5 Rb7 48. Rh7+ Ke6 49. Rxb7 1-0

[Event "DVM U14w 2003"]
[Site "Greifswald GER"]
[Date "2003.12.28"]
[Round "3"]
[White "Bethge, Johanna"]
[Black "Vales, Laura"]
[Result "1-0"]
[Termination "normal"]
[Board "6.2"]
[WhiteElo "1094"]
[BlackElo "1194"]
[WhiteTeam "SV Empor Erfurt"]
[BlackTeam "SV Motor Eberswalde"]
[PlyCount "107"]
[WhiteFideId "24664898"]
[EventCountry "GER"]
[EventRounds "7"]
[EventType "team-swiss"]
[EventDate "2003.12.26"]

1. e4 e6 2. d4 d5 3. exd5 exd5 4. Nf3 Nf6 5. Nc3 Nc6 6. Bg5 h6 7. Bh4 Bd6 8.
Nxd5 g5 9. Nxf6+ Qxf6 10. Bg3 g4 11. Ne5 Nxe5 12. dxe5 Bxe5 13. Qe2 O-O 14.
Bxe5 Qc6 15. Bf4 Re8 16. Be3 Bf5 17. O-O-O Bg6 18. Qc4 Qxc4 19. Bxc4 h5 20. Bd3
Kg7 21. Bxg6 Kxg6 22. Rd7 Rec8 23. h3 a5 24. Bf4 b5 25. Rxc7 Re8 26. hxg4 hxg4
27. Rc5 b4 28. g3 a4 29. Rg5+ Kf6 30. Rh6+ Ke7 31. Re5+ Kd7 32. Rxe8 Rxe8 33.
Kd2 Rc8 34. c3 b3 35. axb3 axb3 36. Rb6 f5 37. Rxb3 Ke6 38. Rb5 Rd8+ 39. Kc2
Rh8 40. Kd3 Rh2 41. Ke3 Rh1 42. c4 Rd1 43. b4 Rc1 44. Rb6+ Kd7 45. c5 Re1+ 46.
Kd4 Re2 47. b5 Rxf2 48. Ke5 Rc2 49. Rc6 Rb2 50. Rb6 Rc2 51. c6+ Kc7 52. Ra6 Rb2
53. Kxf5+ Kc8 54. Ra8# 1-0

[Event "DVM U14w 2003"]
[Site "Greifswald GER"]
[Date "2003.12.28"]
[Round "3"]
[White "Briak, Nicole"]
[Black "Friedrichs, Anne-Kathrin"]
[Result "1-0"]
[Termination "normal"]
[Board "6.3"]
[WhiteElo "1264"]
[BlackElo "1142"]
[WhiteTeam "SV Motor Eberswalde"]
[BlackTeam "SV Empor Erfurt"]
[PlyCount "109"]
[EventCountry "GER"]
[EventRounds "7"]
[EventType "team-swiss"]
[EventDate "2003.12.26"]

1. d4 d5 2. Nf3 Nc6 3. e3 Nf6 4. a3 Bg4 5. Be2 Bxf3 6. Bxf3 e5 7. dxe5 Nxe5 8.
Nc3 c6 9. O-O Bc5 10. Re1 O-O 11. Bd2 Re8 12. Na4 Qd6 13. Nxc5 Qxc5 14. Rc1 d4
15. Bb4 Nxf3+ 16. Qxf3 Qe5 17. exd4 Qxd4 18. Bc3 Qh4 19. Be5 Re6 20. Qg3 Qxg3
21. Bxg3 Rae8 22. Rxe6 Rxe6 23. h3 Ne4 24. Rd1 h6 25. Rd8+ Kh7 26. Rd7 Nc5 27.
Rxf7 Re2 28. Bd6 Rxc2 29. Bxc5 Rxc5 30. Rxb7 Rb5 31. Rxb5 cxb5 32. Kf1 Kg6 33.
Ke2 Kf5 34. Kd3 Ke5 35. Kc3 Kd5 36. Kb4 Kc6 37. a4 a6 38. axb5+ axb5 39. g4 g6
40. f4 Kd5 41. Kxb5 Ke4 42. Kc6 Kxf4 43. b4 Kg3 44. b5 Kxh3 45. b6 h5 46. gxh5
gxh5 47. b7 h4 48. b8=Q Kg2 49. Qg8+ Kh2 50. Kd5 h3 51. Ke4 Kh1 52. Kf3 Kh2 53.
Qg3+ Kh1 54. Qxh3+ Kg1 55. Qg2# 1-0

[Event "DVM U14w 2003"]
[Site "Greifswald GER"]
[Date "2003.12.28"]
[Round "4"]
[White "Domaske, Susann"]
[Black "Ohme, Melanie"]
[Result "1/2-1/2"]
[Termination "normal"]
[Board "1.1"]
[WhiteElo "1508"]
[BlackElo "1948"]
[WhiteTeam "Franckesche Stiftungen Halle"]
[BlackTeam "SC Leipzig-Gohlis"]
[PlyCount "88"]
[BlackFideId "4690745"]
[EventCountry "GER"]
[EventRounds "7"]
[EventType "team-swiss"]
[EventDate "2003.12.26"]

1. e4 c5 2. Nf3 e6 3. d4 cxd4 4. Nxd4 a6 5. Nc3 b5 6. Bd3 Qb6 7. Be3 Bc5 8.
Nce2 Bb7 9. Qd2 Nf6 10. c3 Nxe4 11. Bxe4 Bxe4 12. f3 Bg6 13. Nf4 Nc6 14. Nxg6
hxg6 15. Nc2 Bxe3 16. Qxe3 Qc7 17. h3 Rc8 18. a3 a5 19. Nd4 Qg3+ 20. Kf1 Rh5
21. Nxc6 Rxc6 22. Qf2 Qf4 23. Rd1 b4 24. Qa7 Rc7 25. Qb7 Ke7 26. axb4 Qc4+ 27.
Kf2 axb4 28. Rd4 Qc5 29. Qxb4 Rd5 30. Qxc5+ Rdxc5 31. Rb1 Rb7 32. Rd2 Rxc3 33.
Rxd7+ Kxd7 34. Rd1+ Kc6 35. bxc3 Kc5 36. Rd4 e5 37. Re4 Rb2+ 38. Re2 Rxe2+ 39.
Kxe2 Kc4 40. Kd2 f5 41. g3 Kc5 42. Kd3 Kd5 43. c4+ Kc6 44. g4 Kd6 1/2-1/2

[Event "DVM U14w 2003"]
[Site "Greifswald GER"]
[Date "2003.12.28"]
[Round "4"]
[White "Nguyen, Hoa My"]
[Black "Feist, Andra"]
[Result "1-0"]
[Termination "normal"]
[Board "1.2"]
[WhiteElo "1582"]
[BlackElo "1392"]
[WhiteTeam "SC Leipzig-Gohlis"]
[BlackTeam "Franckesche Stiftungen Halle"]
[PlyCount "43"]
[EventCountry "GER"]
[EventRounds "7"]
[EventType "team-swiss"]
[EventDate "2003.12.26"]

1. e4 e5 2. Nf3 Nc6 3. Nc3 Bc5 4. Nxe5 Nxe5 5. d4 Bxd4 6. Qxd4 d6 7. Bf4 f6 8.
Bg3 Ne7 9. f4 N5c6 10. Qd1 f5 11. Bh4 Qd7 12. Bc4 Ng6 13. Bg5 b6 14. Qe2 Nce7
15. O-O-O Bb7 16. Rhe1 O-O-O 17. exf5 d5 18. fxg6 Nxg6 19. Bxd8 Rxd8 20. Bxd5
Bxd5 21. Rxd5 Qc6 22. Qa6+ 1-0

[Event "DVM U14w 2003"]
[Site "Greifswald GER"]
[Date "2003.12.28"]
[Round "4"]
[White "Obereigner, Julia"]
[Black "Riedel, Kristina"]
[Result "0-1"]
[Termination "normal"]
[Board "1.3"]
[WhiteElo "1222"]
[BlackElo "1467"]
[WhiteTeam "Franckesche Stiftungen Halle"]
[BlackTeam "SC Leipzig-Gohlis"]
[PlyCount "80"]
[BlackFideId "24659282"]
[EventCountry "GER"]
[EventRounds "7"]
[EventType "team-swiss"]
[EventDate "2003.12.26"]

1. e4 e5 2. Nf3 Nc6 3. d4 exd4 4. Nxd4 Nf6 5. Bg5 h6 6. Bh4 g5 7. Bg3 Nxe4 8.
Nxc6 dxc6 9. Qe2 Qe7 10. Bxc7 Qxc7 11. Qxe4+ Be6 12. Bc4 Qd6 13. O-O O-O-O 14.
Nc3 Bg7 15. Rfe1 Bxc3 16. bxc3 Bxc4 17. Qxc4 f5 18. Rab1 f4 19. Qb3 Rh7 20. h3
h5 21. Rbd1 Qc7 22. Qe6+ Kb8 23. Qe5 Rxd1 24. Qxc7+ Kxc7 25. Rxd1 Re7 26. Kf1
Re5 27. a4 Ra5 28. Rd4 Rc5 29. Rd3 Rc4 30. Rd4 Rxd4 31. cxd4 Kb6 32. Ke2 Ka5
33. Kf3 Kxa4 34. Ke4 Kb4 35. Kf5 a5 36. Kxg5 a4 37. g4 hxg4 38. hxg4 a3 39.
Kxf4 a2 40. g5 a1=Q 0-1

[Event "DVM U14w 2003"]
[Site "Greifswald GER"]
[Date "2003.12.28"]
[Round "4"]
[White "Perlick, Maria"]
[Black "Müller, Johanna"]
[Result "1-0"]
[Termination "normal"]
[Board "1.4"]
[WhiteElo "1173"]
[BlackElo "999"]
[WhiteTeam "SC Leipzig-Gohlis"]
[BlackTeam "Franckesche Stiftungen Halle"]
[PlyCount "107"]
[EventCountry "GER"]
[EventRounds "7"]
[EventType "team-swiss"]
[EventDate "2003.12.26"]

1. d4 d5 2. e3 Nc6 3. c4 dxc4 4. Bxc4 Bf5 5. Nc3 e6 6. Nf3 Nf6 7. O-O Bb4 8. a3
Bxc3 9. bxc3 Ne4 10. Bb2 O-O 11. Bd3 Re8 12. Qc2 Qd5 13. c4 Qd7 14. Bxe4 Ne7
15. Bxf5 exf5 16. a4 Rac8 17. Ba3 c6 18. Ne5 Qe6 19. Rab1 Rc7 20. Rb2 a6 21.
Bxe7 Rexe7 22. Rfb1 f6 23. Nd3 Qd7 24. Nc5 Qc8 25. a5 g5 26. Qe2 f4 27. e4 f5
28. e5 g4 29. Qd2 f3 30. g3 h5 31. Qg5+ Rg7 32. Qxh5 Rh7 33. Qg5+ Rcg7 34. Qc1
Rh3 35. Rxb7 Rxb7 36. Rxb7 Qd8 37. Nxa6 Rh7 38. Rxh7 Kxh7 39. Qa3 Qg5 40. Qe3
Qh5 41. Qe1 Qe8 42. Nc5 Kg6 43. d5 Kg5 44. d6 f4 45. d7 Qh8 46. Ne6+ Kf5 47.
d8=Q Qh3 48. Ng7+ Kg6 49. Qf6+ Kh7 50. Qb1+ Kg8 51. Qb8+ Kh7 52. Qf5+ Kh6 53.
Qd6+ Kxg7 54. Qfd7+ 1-0

[Event "DVM U14w 2003"]
[Site "Greifswald GER"]
[Date "2003.12.28"]
[Round "4"]
[White "Zemella, Jennifer"]
[Black "Reh, Theresa"]
[Result "0-1"]
[Termination "normal"]
[Board "2.1"]
[WhiteElo "1600"]
[BlackElo "1567"]
[WhiteTeam "SG Porz"]
[BlackTeam "SK König Plauen"]
[PlyCount "97"]
[WhiteFideId "24636096"]
[EventCountry "GER"]
[EventRounds "7"]
[EventType "team-swiss"]
[EventDate "2003.12.26"]

1. e4 c5 2. d4 cxd4 3. c3 d5 4. exd5 Qxd5 5. cxd4 Nc6 6. Be3 e6 7. Nc3 Qd6 8.
Nf3 Nf6 9. h3 Be7 10. Bc4 O-O 11. O-O b6 12. Qd2 Bb7 13. Rfd1 Na5 14. Bd3 Nd5
15. Nb5 Qd8 16. Ne5 Nxe3 17. Qxe3 a6 18. Nc3 Rc8 19. Ne2 b5 20. b3 Bd5 21. Nf4
Bg5 22. Qg3 Bxf4 23. Qxf4 Nc6 24. Ng4 Nb4 25. Be4 Bxe4 26. Qxe4 Nd5 27. Qf3 Qa5
28. Re1 Rc2 29. a4 Rc3 30. Qe2 Qb4 31. axb5 axb5 32. Red1 Rxb3 33. Qf1 h6 34.
Rdb1 Rb8 35. Rxb3 Qxb3 36. Ne5 Qc3 37. Rc1 Qa3 38. Ra1 Qd6 39. Rb1 f6 40. Nd3
Nc3 41. Rb4 Nd5 42. Rb1 b4 43. Qe1 Nc3 44. Rb3 Qxd4 45. Qxe6+ Kh8 46. Qf5 Rb5
47. Qg6 Qc4 48. Qe8+ Kh7 49. Nb2 0-1

[Event "DVM U14w 2003"]
[Site "Greifswald GER"]
[Date "2003.12.28"]
[Round "4"]
[White "Reh, Rebecca"]
[Black "Gossmann, Anna Maria"]
[Result "0-1"]
[Termination "normal"]
[Board "2.2"]
[WhiteElo "1428"]
[BlackElo "1502"]
[WhiteTeam "SK König Plauen"]
[BlackTeam "SG Porz"]
[PlyCount "71"]
[EventCountry "GER"]
[EventRounds "7"]
[EventType "team-swiss"]
[EventDate "2003.12.26"]

1. e4 e5 2. Nf3 Nc6 3. Bc4 Bc5 4. c3 Nf6 5. d4 exd4 6. cxd4 Bb4+ 7. Nc3 Nxe4 8.
O-O Bxc3 9. d5 Bf6 10. Re1 Ne7 11. Rxe4 d6 12. Bg5 Bxg5 13. Nxg5 O-O 14. Qh5 h6
15. Rae1 Ng6 16. Nxf7 Qf6 17. Nxh6+ gxh6 18. Qxh6 Qxf2+ 19. Kh1 Qf7 20. h4 Qg7
21. Qh5 Nf4 22. Qg5 Qxg5 23. hxg5 Ng6 24. g4 Ne5 25. Be2 Bd7 26. Kg1 Rf7 27.
Rc1 c6 28. dxc6 Bxc6 29. Rd4 Rd8 30. a3 Rh7 31. Rc3 Rh1+ 32. Kf2 Rf8+ 33. Ke3
Rh3+ 34. Kd2 Rh2 35. Rxd6 Bf3 36. Rxf3 0-1

[Event "DVM U14w 2003"]
[Site "Greifswald GER"]
[Date "2003.12.28"]
[Round "4"]
[White "Schlegel, Jessica"]
[Black "Hiller, Eugenia"]
[Result "0-1"]
[Termination "normal"]
[Board "2.4"]
[WhiteElo "1284"]
[BlackElo "1208"]
[WhiteTeam "SK König Plauen"]
[BlackTeam "SG Porz"]
[PlyCount "64"]
[EventCountry "GER"]
[EventRounds "7"]
[EventType "team-swiss"]
[EventDate "2003.12.26"]

1. e4 e5 2. Nf3 Nc6 3. Bc4 Bc5 4. c3 Nf6 5. b4 Bb6 6. Qb3 O-O 7. d3 d6 8. h3 h6
9. O-O Qe7 10. Nbd2 a6 11. Bb2 Be6 12. a4 Rfd8 13. Bxe6 fxe6 14. d4 exd4 15.
cxd4 d5 16. e5 Ne4 17. Rad1 Nxd2 18. Rxd2 Qxb4 19. Qxb4 Nxb4 20. Ba3 Nc6 21.
Rfd1 Rd7 22. Kh1 Rf7 23. Bb2 Rf4 24. Kh2 Raf8 25. Ba3 R8f7 26. Rd3 g5 27. Bb2
g4 28. hxg4 Rxg4 29. Bc3 Ne7 30. Bb2 Rfg7 31. Ne1 h5 32. Ba1 Ba5 0-1